书目信息 |
| 题名: |
物业管理教程
|
|
| 作者: | 齐坚 编著 | |
| 分册: | ||
| 出版信息: | 上海 同济大学出版社 2004.09 |
|
| 页数: | 273页 | |
| 开本: | 26cm | |
| 丛书名: | 高等院校房地产核心课程系列教材 | |
| 单 册: | ||
| 中图分类: | F299.233.3 | |
| 科图分类: | ||
| 主题词: | 物业管理--wu ye guan li--高等学校--中国--教材 | |
| 电子资源: | ||
| ISBN: | 978-7-5608-2898-5 | |
| 000 | 00943nam 2200265 450 | |
| 001 | 012009130562 | |
| 005 | 20090919080104.32 | |
| 010 | @a978-7-5608-2898-5@dCNY27.00 | |
| 100 | @a20090918d2004 em y0chiy0120 ea | |
| 101 | 0 | @achi |
| 102 | @aCN@b310000 | |
| 105 | @aa a 000yy | |
| 106 | @ar | |
| 200 | 1 | @a物业管理教程@Awu ye guan li jiao cheng@f齐坚编著@Fqi jian bian zhu |
| 210 | @a上海@c同济大学出版社@d2004.09 | |
| 215 | @a273页@c图@d26cm | |
| 225 | 2 | @a高等院校房地产核心课程系列教材@Agao deng yuan xiao fang di chan he xin ke cheng xi lie jiao cai |
| 320 | @a有书目 (第273页) | |
| 330 | @a本书是一本关于中国物业管理的高等学校的教材,其内容包括:物业概述,物业管理法律规范等。 | |
| 410 | 0 | @12001 @a高等院校房地产核心课程系列教材 |
| 606 | 0 | @a物业管理@Awu ye guan li@x高等学校@y中国@j教材 |
| 690 | @aF299.233.3@v4 | |
| 701 | 0 | @a齐坚@Aqi jian@4编著 |
| 801 | 0 | @aCN@bQSSK@c20090919 |
| 905 | @b756568-72@dF299.233.3@eQ045@f5 | |
| 物业管理教程/齐坚编著.-上海:同济大学出版社,2004.09 |
| 273页:图;26cm.-(高等院校房地产核心课程系列教材) |
| ISBN 978-7-5608-2898-5:CNY27.00 |
| 本书是一本关于中国物业管理的高等学校的教材,其内容包括:物业概述,物业管理法律规范等。 |
| ● |
| 相关链接 |
|
|
|
正题名:物业管理教程
索取号:F299.233.3/Q045
 
预约/预借
| 序号 | 登录号 | 条形码 | 馆藏地/架位号 | 状态 | 备注 |
| 1 | 756568 | 207565687 | 社科二线422/409社科库 31排3列5层/ [索取号:F299.233.3/Q045] | 在馆 | |
| 2 | 756569 | 207565696 | 社科库409/409社科库 31排3列5层/ [索取号:F299.233.3/Q045] | 在馆 | |
| 3 | 756570 | 207565703 | 社科库409/409社科库 31排3列5层/ [索取号:F299.233.3/Q045] | 在馆 | |
| 4 | 756571 | 207565712 | 社科二线422/409社科库 31排3列5层/ [索取号:F299.233.3/Q045] | 在馆 | |
| 5 | 756572 | 207565721 | 社科二线422/409社科库 31排3列5层/ [索取号:F299.233.3/Q045] | 在馆 |